000 00857cam a2200241 a 4500
005 20230623120756.0
008 110926s2012 enka f 000 0 eng
010 _a 2011038681
020 _a9780273761105 (pbk.)
040 _aDLC
_cDLC
042 _apcc
082 0 0 _a771.3
_223
_bBEN-U
100 1 _aBenjamin, Louis.
245 1 0 _aUsing your digital SLR camera in simple steps /
_cLouis Benjamin.
260 _aHarlow ;
_aNew York :
_bPearson Education,
_c2012.
300 _a199 p. :
_bcol. ill. ;
_c24 cm.
650 0 _aDigital cameras
_vAmateurs' manuals.
650 0 _aPhotography
_xDigital techniques
_vAmateurs' manuals.
650 0 _aSingle-lens reflex cameras
_vAmateurs' manuals.
906 _a7
_bcbc
_corignew
_d1
_eecip
_f20
_gy-gencatlg
999 _c18813
_d18813